000 00653nam a2200229Ia 4500
003 GCL
008 140319s9999 xx 000 0 ara d
040 _aGCL /
_cGCL
082 0 4 _a796.03
_bس م
100 1 _aسمير عطاالله
245 1 0 _aموسوعة الرياضة /
_cسمير عطاالله
260 _a[S.N] :
_bجروس برس ،
_c1992
300 _a384 ص
490 _a
650 0 4 _aموسوعات
650 0 4 _aالرياضة البدنية
650 0 4 _aالالعاب الرياضية
650 0 4 _aالرياضة
650 0 4 _aالالعاب الاوليمبية
650 0 4 _aالرياضيون
942 _2ddc
_cBK
999 _c54610
_d54610